| 000 | 00901cam a2200301 i 4500 | ||
|---|---|---|---|
| 001 | 200467516 | ||
| 003 | TR-AnTOB | ||
| 005 | 20260304114932.0 | ||
| 007 | ta | ||
| 008 | 021106s1981 tu 000 1 tur d | ||
| 040 |
_aITU _beng _erda _dBGZ _cTR-AnTOB |
||
| 041 | 1 |
_atur _beng |
|
| 050 | 0 | 0 |
_aPS3569.T34 _bG419 1981 |
| 090 |
_aPS3569.T34 _bG419 1981 |
||
| 100 | 1 |
_aStraub, Peter, _d1943-2022 _eauthor _9150730 |
|
| 240 |
_aGhost Story _lTurkish |
||
| 245 | 1 | 0 |
_aGece / _cPeter Straub ; dilimize çeviren Gülten Suveren. |
| 250 | _a2.Baskı: Mart 1981 | ||
| 264 | 1 |
_aİstanbul: _bAltın Kitaplar, _c1981. |
|
| 300 |
_a414 pages ; _c20 cm. |
||
| 336 |
_atext _btxt _2rdacontent |
||
| 337 |
_aunmediated _bn _2rdamedia |
||
| 338 |
_avolume _bnc _2rdacarrier |
||
| 650 | 0 |
_aAmerikan romanı _934007 |
|
| 700 |
_aSuveren, Gülten _etranslator _919951 |
||
| 942 |
_2lcc _cBK |
||
| 999 |
_c200467516 _d85728 |
||